Responses for Show #3171 - Monday, May 18, 1998

Contestants

[<< previous game]

Karen Burke, a registered dietician from Naperville, Illinois

Mark Quigg, a family doctor from Collingwood, Ontario, Canada

Trudy Ring, an editor and writer from Burbank, California (whose 1-day cash winnings total $17,001)

[next game >>]

Jeopardy! Round responses

IMPRESSIONS
"LITTLE" WOMEN
HEIR CONDITIONING
SECRET IDENTITIES
ANIMALS
LATIN LOVERS
    $100 7
Dana Carvey

Trudy
    $100 1
Little Miss Muffet

Trudy
    $100 16
Prince of Wales

Trudy
    $100 19
Zorro

Mark
    $100 6
Polar bear

Mark
    $100 10
"Adeste Fideles"

Trudy
    $200 8
Ed Sullivan

Trudy
    $200 2
Little Lulu

Triple Stumper
    $200 20
Iran

Karen
    $200 21
The Incredible Hulk

Karen
    $200 15
Gorillas

Mark
    $200 11
The wise

Trudy
    $300 9
Truman Capote

Karen
    $500 3
Little Eva

Trudy
    $300 25
Archduke Franz Ferdinand

Karen
    $300 22
Spider-Man

Trudy
    $300 28
(K: What is a bengal tiger?)

Siberian tiger

TrudyKaren
    $300 12
The sun

Trudy
    $400 17
Kevin Spacey

Trudy
    $400 4
The Little Match Girl

Mark
    $400 26
Akihito

Mark
    $400 23
Batgirl

Trudy
    $400 29
Piranha

Mark
    $400 13
Ignorance of the law is no excuse

Mark
    $500 18
John F. Kennedy

Trudy
    $500 5
(M: Who is Little Lord Fauntleroy?)

The Little Princess

MarkKaren
    $500 27
Anne Boleyn

Mark
    $500 24
The Count of Monte Cristo

Mark
    $500 30
Anaconda

Mark
    $500 14
(T: What is living?)

Dying

TrudyKaren

Scores at the first commercial break (after clue 15):

Trudy Mark Karen
$1,000 $600 $1,300

Scores at the end of the Jeopardy! Round:

Trudy Mark Karen
$3,000 $3,000 $1,700

Double Jeopardy! Round responses

IMPRESSIONISM
NAMES IN THE NUDE
CHECK THE MAP
CLASSIC SONG LYRICS
PSYCH 102
SHAKESPEAREAN ANAGRAMS
    $200 2
(M: What is out of thin air?)
(T: What is into thin air?)

Outside

TrudyMark
Triple Stumper
    $200 1
Jim Carrey

Mark
    $200 16
(K: What is Florida?)

Hawaii

TrudyKaren
    $200 4
"When Johnny Comes Marching Home"

Trudy
    $200 21
Block

Mark
    $200 26
Kate (take)

Mark
    $400 3
James Whistler

Trudy
    $400 9
G.I. Jane

Trudy
    $400 17
Mississippi River

Mark
    $400 5
Moonlight Bay

Karen
    $400 22
Depression/depressant

Karen
    $400 27
Romeo (Moore)

Mark
    $600 13
Cafe

Karen
    $600 10
Playgirl

Trudy
    $1,500 18
Niagara River

Mark
    $600 6
June

Trudy
    $600 23
Memory

Trudy
    $600 28
Athens (hasten)

Trudy
    $800 14
Camille

Trudy
    $800 11
(M: Who is Pamela Lee Anderson?)

Pamela Anderson Lee

Mark
Triple Stumper
    $800 19
Lake Mead

Karen
    $800 7
"Chattanooga Choo Choo"

Trudy
    $800 24
Shell shock

Mark
    $800 29
Oberon (Borneo)

Trudy
    $1000 15
Edouard Manet

Mark
    $1000 12
The Full Monty

Karen
    $1000 20
Narragansett Bay

Trudy
    $1000 8
Amy

Trudy
    $1,000 25
(Alex: We have about a minute left to deal with Shakespeare, Mark.)

the id (the unconscious)

Mark
    $1000 30
Goneril (one girl)

Trudy

Scores at the end of the Double Jeopardy! Round:

Trudy Mark Karen
$11,800 $7,700 $4,700

[wagering suggestions for these scores]

Final Jeopardy! Round responses

THE CLINTON ADMINISTRATION
KarenWhat is Surgeon General?
$4,700
MarkWhat is Surgeon General?
$4,101
TrudyWhat is the Surgeon General?
$3,601
Surgeon General

Final scores:

Trudy Mark Karen
$15,401 $11,801 $9,400
2-day champion: $32,402 2nd place: Trip to Spice Islands Beach Resort, Grenada 3rd place: Fisher 100-watt Audio Component System

Game dynamics:

Coryat scores:

Trudy Mark Karen
$11,600 $6,800 $4,700
27 R
(including 1 DD),
2 W
19 R
(including 2 DDs),
3 W
11 R,
2 W

Combined Coryat: $23,100

[game clues] [game scores] [suggest correction]

Game tape date: Unknown
The J! Archive is created by fans, for fans. Scraping, republication, monetization, and malicious use prohibited; this site may use cookies and collect identifying information. See terms. The Jeopardy! game show and all elements thereof, including but not limited to copyright and trademark thereto, are the property of Jeopardy Productions, Inc. and are protected under law. This website is not affiliated with, sponsored by, or operated by Jeopardy Productions, Inc. Join the discussion at JBoard.tv.